Flugzeugflotten Teil 16-United Airlines - Statistiken

Allgemein
  • Dieses Quiz wurde 87 mal gespielt
    32 seit der letzten Aktualisierung
  • Das Durchschnittsergebnis liegt bei 18 aus 19
Antwortstatistiken
Anzahl Flugzeugtyp % Korrekt
19 Boeing 777-200
100%
22 Boeing 777-300ER
100%
40 Boeing 737-700
95%
141 Boeing 737-800
95%
12 Boeing 737-900
95%
40 Boeing 757-200
95%
21 Boeing 757-300
95%
37 Boeing 767-300ER
95%
16 Boeing 767-400ER
95%
55 Boeing 777-200ER
95%
21 Boeing 787-10
95%
12 Boeing 787-8
95%
39 Boeing 787-9
95%
81 Airbus A319-100
90%
79 Airbus A320-200
90%
106 Boeing 737 MAX 8
90%
18 Airbus A321neo
85%
83 Boeing 737 MAX 9
85%
136 Boeing 737-900ER
70%
Keine übereinstimmenden Quizze gefunden
Verteilung der Resultate
Anzahl Personen mit jedem Resultat
Perzentil nach korrekt beantworteten Fragen
Ihre Resultats-Entwicklung
Sie haben dieses Quiz seit der letzten Aktualisierung nicht gespielt